00190nam a22000737a 4500003000400000245002800004260007600032300000800108SGT aCommunity Dental Health b British Association for the Study of Community Dentistry (BASCD)c2021 a283